| 000 | 00305nam a2200109Ia 4500 | ||
|---|---|---|---|
| 008 | 230907s9999||||xx |||||||||||||| ||und|| | ||
| 082 |
_a658.1553 _bAUD |
||
| 100 |
_aAudin, Lindsay _9115796 |
||
| 245 |
_aLowering your facility's electric rates / _cLindsay Audin. |
||
| 260 | _c2019-09-27 | ||
| 942 |
_2ddc _cEB |
||
| 999 |
_c599649 _d599649 |
||